| 000 | 00529nam a2200169Ia 4500 | ||
|---|---|---|---|
| 008 | 230917s9999||||xx |||||||||||||| ||und|| | ||
| 020 | _cGBP29.99 | ||
| 040 |
_e228200 _aMAIN |
||
| 041 | _aEnglish | ||
| 082 | _a658.8 C548P | ||
| 100 | _aClark, Nigel, ed. | ||
| 245 | 0 | _aProfessional service marketing handbook: How to build relationships, grow your firm and become a client champion | |
| 260 |
_aLondon _bKogan Page _c2015 |
||
| 300 | _ax, 262 p. | ||
| 500 | _a2113 11/09/2015 HBD15/6497 21/09/2015 Main Budget | ||
| 942 | _cBK | ||
| 999 |
_c16005 _d16005 |
||